مكتبة جامعة عجلون الوطنية

فهرس بحث المكتبة

تطوير تعلم مهارتي القراءة والكتابة في السنوات الأولى:مساعدة الأطفال على القراءة والكتابة= Literacy Development In The Early Years : Helping Children Read and Write (Record no. 17898)

MARC details
000 -LEADER
fixed length control field 01148nam a2200205Ii 4500
003 - CONTROL NUMBER IDENTIFIER
control field JO-AjNU
008 - FIXED-LENGTH DATA ELEMENTS--GENERAL INFORMATION
fixed length control field 230605s9999||||xx |||||||||||||| ||und||
040 ## - CATALOGING SOURCE
Original cataloging agency JO-AjNU
Language of cataloging ara
Description conventions rda
Transcribing agency JO-AjNU
041 ## - LANGUAGE CODE
Language code of text/sound track or separate title ara
050 14 - LIBRARY OF CONGRESS CALL NUMBER
Classification number LB1140.5.L3.M612 2004
100 3# - MAIN ENTRY--PERSONAL NAME
Personal name l مؤلف/ جمل،محمد جهاد مراجع/حرب،سناء مترجمة Morrow, Lesley Mandel,
Relator term author
9 (RLIN) 34851
245 00 - TITLE STATEMENT
Title تطوير تعلم مهارتي القراءة والكتابة في السنوات الأولى:مساعدة الأطفال على القراءة والكتابة= Literacy Development In The Early Years : Helping Children Read and Write
250 ## - EDITION STATEMENT
Edition statement ط1
264 31 - PRODUCTION, PUBLICATION, DISTRIBUTION, MANUFACTURE, AND COPYRIGHT NOTICE
Place of production, publication, distribution, manufacture العين:دار الكتاب الجامعي،2004
300 ## - PHYSICAL DESCRIPTION
Extent 399ص
336 ## - CONTENT TYPE
Content type term text
Content type code txt
Source rdacontent
337 ## - MEDIA TYPE
Media type term unmediated
Media type code n
Source rdamedia
338 ## - CARRIER TYPE
Carrier type term volume
Carrier type code nc
Source rdacarrier
650 #4 - SUBJECT ADDED ENTRY--TOPICAL TERM
Topical term or geographic name entry element لغات-تعلم وتعليم-الولايات المتحدة الأمريكية. قراءة-تعلم وتعليم (أساسي)-الولايات المتحدة الأمريكية. كتابة-تعلم وتعليم-الولايات المتحدة الأمريكية.
9 (RLIN) 34852
Holdings
Withdrawn status Lost status Source of classification or shelving scheme Damaged status Not for loan Home library Current library Shelving location Date acquired Total Checkouts Full call number Barcode Date last seen Price effective from Koha item type
    Library of Congress Classification     مكتبة جامعة عجلون الوطنية مكتبة جامعة عجلون الوطنية المجموعات العامة 06/06/2023   LB1140.5.L3.M612 2004 A14330 06/06/2023 06/06/2023 Books